000 00762cam a22002533a 4500
001 3094
003 PGUSA
005 20140828083025.0
008 060406s2006||||xxu|||||s|||||000 1 eng d
040 _aPGUSA
_beng
042 _adc
050 4 _aPR
100 1 _aHaggard, H. Rider
_q(Henry Rider),
_d1856-1925
245 1 0 _aRed Eve
_h[electronic resource] /
_cH. Rider Haggard
260 _bProject Gutenberg,
_c2006
506 _aPublic domain in the USA.
516 _aElectronic text
653 _aGreat Britain -- History -- 14th century -- Fiction
653 _aEurope -- History -- 14th century -- Fiction
653 _aMiddle Ages -- Fiction
830 0 _aProject Gutenberg
_v3094
856 4 0 _uhttp://www.gutenberg.org/ebooks/3094
942 _cEB
999 _c232423
_d232423